All Super Mario Odyssey Captures - Statistics

General Stats
  • This quiz has been taken 67 times
    18 since last reset
  • The average score is 29 of 52
Answer Stats
Kingdom introduced Capture Number % Correct
Cap Kingdom Frog 01
100%
Sand Kingdom Goomba 12
93%
Cascade Kingdom T-Rex 07
86%
Moon Kingdom Bowser 48
79%
Cascade Kingdom Chain Chomp 04
79%
Wooded Kingdom Fire Bro 22
79%
Luncheon Kingdom Pan Bro / Hammer Bro 39
79%
Cascade Kingdom Broode's Chain Chomp 06
71%
Sand Kingdom Bullet Bill 09
71%
Cap Kingdom Paragoomba 03
71%
Luncheon Kingdom Volbonan 38
71%
Mushroom Kingdom Yoshi 52
71%
Moon Kingdom Banzai Bill 46
64%
Sand Kingdom Cactus 11
64%
Lake Kingdom Cheep Cheep 18
64%
Snow Kingdom Cheep Cheep (Snow Kingdom) 35
64%
Seaside Kingdom Gushen 36
64%
Sand Kingdom Knucklotec's Fist 13
64%
Luncheon Kingdom Meat 40
64%
Wooded Kingdom Sherm 23
64%
Cap Kingdom Spark Pylon 02
64%
Wooded Kingdom Tree 25
64%
Wooded Kingdom Uproot 21
64%
Wooded Kingdom Boulder 26
57%
Luncheon Kingdom Fire Piranha Plant 41
57%
Sand Kingdom Glydon 15
57%
Wooded Kingdom Poison Piranha Plant 20
57%
Bowser's Kingdom Pokio 42
57%
Metro Kingdom RC Car 32
57%
Metro Kingdom Taxi 31
57%
Cascade Kingdom Big Chain Chomp 05
50%
Luncheon Kingdom Lava Bubble 37
50%
Metro Kingdom Letter 49
50%
Metro Kingdom Pole 29
50%
Snow Kingdom Shiverian Racer 34
50%
Lost Kingdom Tropical Wiggler 28
50%
Cap Kingdom Binoculars 08
43%
Metro Kingdom Manhole 30
43%
Sand Kingdom Mini Rocket 14
43%
Moon Kingdom Parabones 45
43%
Moon Kingdom Bowser Statue 44
36%
Sand Kingdom Moe-Eye 10
36%
Moon Kingdom Chargin' Chuck 47
29%
Wooded Kingdom Coin Coffer 24
29%
Lake Kingdom Puzzle Part (Lake Kingdom) 19
29%
Metro Kingdom Puzzle Part (Metro Kingdom) 50
29%
Snow Kingdom Ty-Foo 33
29%
Lake Kingdom Zipper 17
29%
Bowser's Kingdom Jizo 43
21%
Sand Kingdom Lakitu 16
21%
Cloud Kingdom Picture Match Part (Goomba) 27
21%
Mushroom Kingdom Picture Match Part (Mario) 51
21%
No matching quizzes found
Score Distribution
Percent of People with Each Score
Percentile by Number Answered
Your Score History
You have not taken this quiz since the last reset